000 00204 a2200097 4500
020 _a9780545470155
041 _aeng
100 _aBerenstain, Stan
245 _aThe berenstain bears, Out West
942 _cBK
999 _c31472
_d31470